| 000 | 00440nam a2200169Ia 4500 | ||
|---|---|---|---|
| 008 | 190423s9999 xx 000 0 und d | ||
| 100 | _aHammer, Joshua | ||
| 245 | _aSwept away/ | ||
| 245 | _cJoshua Hammer | ||
| 260 | _bReader's Digest Asia | ||
| 260 | _c2019 | ||
| 300 | _aPages 104-106, March 2019 | ||
| 440 |
_aAsia Reader's Digest: Live Better With Less _v115:673 |
||
| 650 | _aAvalance | ||
| 650 | _aRescue | ||
| 650 | _aTragedy | ||
| 999 |
_c361519 _d361519 |
||